| 000 | 00866nam a22002177a 4500 | ||
|---|---|---|---|
| 999 |
_c7259 _d7259 |
||
| 003 | AR-CdUCM | ||
| 008 | 190320b ||||| |||| 00| 0 spa d | ||
| 040 |
_aMUNICIPALIDAD PROVINCIAL DEL CUSCO _cBIBLIOTECA MUNICIPAL DEL CUSCO |
||
| 082 |
_a909.82 / _bM312 |
||
| 100 |
_aMarban Santos, Salvador _920459 |
||
| 245 | _aCooperatismo y Cooperativismo / | ||
| 260 |
_aMéxico : _bEditorial hispano americana, _c1968. |
||
| 300 |
_a178 páginas ; _c17 cm. |
||
| 440 |
_aSección 14 ciencias sociales _n334 _920460 |
||
| 505 | _aContenido: Evolución de la institución cooperativa -- La institución cooperativa como marco de actividades sociales y económicas -- Encuadramiento ideológico -- Las primeras realizaciones... | ||
| 650 |
_aEconomia _9382 |
||
| 650 |
_aMicro créditos _920461 |
||
| 650 |
_aCiencias sociales _91096 |
||
| 942 |
_2ddc _cLIBROS |
||
| 945 | _adavv | ||